| 000 -LEADER |
| fixed length control field |
00864cam a22002534a 4500 |
| 020 ## - INTERNATIONAL STANDARD BOOK NUMBER |
| ISBN |
1559633565 |
| 020 ## - INTERNATIONAL STANDARD BOOK NUMBER |
| ISBN |
9781559633567 |
| 020 ## - INTERNATIONAL STANDARD BOOK NUMBER |
| ISBN |
1559633573 |
| 020 ## - INTERNATIONAL STANDARD BOOK NUMBER |
| ISBN |
9781559633574 |
| 040 ## - CATALOGING SOURCE |
| Transcribing agency |
DLC |
| 082 00 - DEWEY DECIMAL CLASSIFICATION NUMBER |
| Classification number |
634 FAO 1992 C156 Or. |
| 245 00 - TITLE STATEMENT |
| Title |
Agroforestry and biodiversity conservation in tropical landscapes / |
| 300 ## - PHYSICAL DESCRIPTION |
| Number of Pages |
xii, 523 pages : |
| Other physical details |
illustrations, maps ; |
| Dimensions |
24 cm |
| 650 #0 - SUBJECT ADDED ENTRY--TOPICAL TERM |
| Topical Term |
Agroforestry |
| 650 #0 - SUBJECT ADDED ENTRY--TOPICAL TERM |
| Topical Term |
Agrobiodiversity |
| 650 #0 - SUBJECT ADDED ENTRY--TOPICAL TERM |
| Topical Term |
Agroforestry |
| 650 #0 - SUBJECT ADDED ENTRY--TOPICAL TERM |
| Topical Term |
Agrobiodiversity conservation |
| 650 #4 - SUBJECT ADDED ENTRY--TOPICAL TERM |
| Topical Term |
Agroforesterie - Aspect de l'environnement - R©♭gions tropicales |
| 650 #4 - SUBJECT ADDED ENTRY--TOPICAL TERM |
| Topical Term |
Agroforesterie - R©♭gions tropicales |
| 650 #4 - SUBJECT ADDED ENTRY--TOPICAL TERM |
| Topical Term |
Biodiversit©♭ agricole - R©♭gions tropicales |
| 650 #4 - SUBJECT ADDED ENTRY--TOPICAL TERM |
| Topical Term |
Biodiversit©♭ agricolez - Aspect de l'environnement - R©♭gions tropicales |
| 700 1# - ADDED ENTRY--PERSONAL NAME |
| Personal name |
Schroth, G. |
| 942 ## - ADDED ENTRY ELEMENTS (KOHA) |
| Koha item type |
ADB |
| 952 ## - LOCATION AND ITEM INFORMATION (KOHA) |
| Withdrawn status [LOCAL, KOHA] |
0 |